[Event "Bad Griesbach Senioren op 2011 14th"]
[Site "Bad Griesbach (4.12.-10.12)"]
[Date "2011.12.06"]
[Round "3.10"]
[White "Strakos, Tomas"]
[Black "Koenigl, Anton"]
[Result "0-1"]
[WhiteElo "1763"]
[BlackElo "1655"]
[PlyCount "50"]
[EventDate "2011.12.??"]
[EventType "swiss"]
[EventRounds "7"]
[EventCountry "GER"]
[WhiteTeam "CZE/Praga Praha"]
[BlackTeam "Ergolding FC"]
[WhiteTeamCountry "CZE"]

1. c4 Nf6 2. Nc3 c6 3. Nf3 d6 4. d4 g6 5. h3 Bg7 6. Bf4 Nbd7 7. e4 O-O 8. Qd2
Qa5 9. O-O-O e5 10. dxe5 dxe5 11. Bg5 Re8 12. Be2 a6 13. Kb1 b5 14. Qc2 bxc4
15. Bxc4 Rb8 16. Nd2 Nf8 17. Bb3 Ne6 18. Nc4 Qc7 19. Be3 c5 20. Ba4 Bd7 21.
Bxd7 Nxd7 22. Nd5 Qa7 23. Qa4 Nd4 24. Rd2 Nf6 25. Nc3 Rb4 0-1

[Event "Bad Griesbach Senioren op 2011 14th"]
[Site "Bad Griesbach (4.12.-10.12)"]
[Date "2011.12.06"]
[Round "3.11"]
[White "Kiefer, Herbert"]
[Black "Simmon, Norbert"]
[Result "1-0"]
[WhiteElo "1727"]
[BlackElo "1580"]
[PlyCount "105"]
[EventDate "2011.12.??"]
[EventType "swiss"]
[EventRounds "7"]
[EventCountry "GER"]
[WhiteTeam "Ansbach SC"]
[BlackTeam "München Schwabing SG"]

1. Nf3 d5 2. d4 Nf6 3. e3 e6 4. c4 c6 5. Nbd2 Bd6 6. Qc2 Nbd7 7. c5 Bc7 8. b4
e5 9. dxe5 Nxe5 10. Bb2 Qe7 11. Be2 O-O 12. O-O Bg4 13. h3 Bh5 14. Nd4 Bg6 15.
Qb3 a5 16. a3 Kh8 17. f4 Nd3 18. Rf3 Nxb2 19. Qxb2 Be4 20. Rg3 axb4 21. axb4
Bg6 22. Kf2 Ne4+ 23. Nxe4 dxe4 24. Rg4 Qf6 25. g3 Bf5 26. Rg5 g6 27. Rh1 h6 28.
h4 Kg8 29. Rxf5 gxf5 30. Ra1 Rfd8 31. Rxa8 Rxa8 32. Bf1 Rd8 33. Qc3 Kf8 34. Bc4
Ke7 35. b5 Rg8 36. bxc6 bxc6 37. Qa1 Rd8 38. Qc3 Rb8 39. Bb3 Rd8 40. Qc4 Rxd4
41. exd4 Bxf4 42. gxf4 Qxh4+ 43. Ke2 Qh2+ 44. Kd1 Qg1+ 45. Kc2 Qg6 46. d5 Qg2+
47. Kb1 cxd5 48. Qxd5 Qf1+ 49. Ka2 Qa6+ 50. Kb1 Qd3+ 51. Qxd3 exd3 52. Bc4 Kd7
53. Bd5 1-0

[Event "Bad Griesbach Senioren op 2011 14th"]
[Site "Bad Griesbach (4.12.-10.12)"]
[Date "2011.12.06"]
[Round "3.12"]
[White "Klimpel, Siegfried"]
[Black "Erhard, Walter sr(45)"]
[Result "1-0"]
[WhiteElo "1677"]
[BlackElo "1263"]
[PlyCount "53"]
[EventDate "2011.12.??"]
[EventType "swiss"]
[EventRounds "7"]
[EventCountry "GER"]
[WhiteTeam "Kareth-Lappersdorf TSV"]
[BlackTeam "Regensburg Bavaria SC"]

1. e4 c5 2. d4 cxd4 3. c3 dxc3 4. Nxc3 Nc6 5. Nf3 a6 6. Bc4 e6 7. O-O g6 8. Qe2
Bg7 9. Rd1 Nge7 10. Be3 O-O 11. Rac1 b5 12. Bb3 Rb8 13. Bf4 e5 14. Bg5 h6 15.
Bh4 Kh7 16. Nd5 Rb7 17. Nf6+ Kh8 18. h3 Na5 19. Bc2 Rb6 20. Nd5 Re6 21. Bxe7
Rxe7 22. Nxe7 Qxe7 23. Bb1 Bb7 24. Nh2 Bc6 25. Ng4 Nb7 26. Ne3 Qd8 27. Rxc6 1-0

[Event "Bad Griesbach Senioren op 2011 14th"]
[Site "Bad Griesbach (4.12.-10.12)"]
[Date "2011.12.06"]
[Round "3.13"]
[White "Krase, Peter-Axel"]
[Black "Sierian, Peter"]
[Result "0-1"]
[WhiteElo "1694"]
[BlackElo "1746"]
[PlyCount "82"]
[EventDate "2011.12.??"]
[EventType "swiss"]
[EventRounds "7"]
[EventCountry "GER"]
[WhiteTeam "Kareth-Lappersdorf TSV"]
[BlackTeam "Aidenbach TSV"]

1. e4 b6 2. d4 Bb7 3. Nc3 e6 4. g3 Bb4 5. Bg2 Nf6 6. Bg5 h6 7. Bxf6 Bxc3+ 8.
bxc3 gxf6 9. c4 f5 10. d5 Qf6 11. exf5 Qc3+ 12. Kf1 Qxc4+ 13. Ne2 Bxd5 14. fxe6
Bxg2+ 15. Kxg2 dxe6 16. Nf4 Qc6+ 17. Kh3 Nd7 18. Re1 O-O-O 19. Qe2 Nc5 20. Nd3
Nxd3 21. cxd3 Qd5 22. Red1 Rhg8 23. Rac1 Rg5 24. f3 Qb7 25. Rc4 Rgd5 26. Kg2 h5
27. a4 Rd4 28. Rxd4 Rxd4 29. Qe5 Qd5 30. Qh8+ Kb7 31. Qh7 Rxa4 32. Qxf7 Ra2+
33. Kh3 Qf5+ 34. Qxf5 exf5 35. Re1 a5 36. d4 a4 37. d5 a3 38. Rb1 Rd2 39. Ra1
a2 40. Kh4 b5 41. Kg5 b4 0-1

[Event "Bad Griesbach Senioren op 2011 14th"]
[Site "Bad Griesbach (4.12.-10.12)"]
[Date "2011.12.06"]
[Round "3.14"]
[White "Ruf, Karl"]
[Black "Eglseder, Gottfried"]
[Result "1/2-1/2"]
[WhiteElo "1567"]
[BlackElo "1617"]
[PlyCount "73"]
[EventDate "2011.12.??"]
[EventType "swiss"]
[EventRounds "7"]
[EventCountry "GER"]
[WhiteTeam "Neuperlach SK"]
[BlackTeam "Germering SK"]

1. e4 c6 2. d4 d5 3. exd5 cxd5 4. Nf3 Nf6 5. h3 e6 6. c3 Be7 7. Bd3 Nc6 8. O-O
Qc7 9. Nbd2 O-O 10. Re1 Nd7 11. Nf1 Bf6 12. Ng3 g6 13. Bh6 Re8 14. Qd2 b6 15.
Bc2 Bb7 16. h4 e5 17. dxe5 Ncxe5 18. Nxe5 Bxe5 19. f4 Bf6 20. Bg5 Bxg5 21. hxg5
Nf8 22. Ne2 Qc5+ 23. Kh2 Qe3 24. Qd4 Re7 25. Qxe3 Rxe3 26. Nd4 Rae8 27. Rf1 Ne6
28. Ba4 Re7 29. Nc6 Rc7 30. Nd4 Nxd4 31. cxd4 Rc4 32. Bb3 Rxd4 33. Rac1 Re7 34.
Rf2 Kg7 35. g3 Rde4 36. Rd1 d4 37. g4 1/2-1/2

[Event "Bad Griesbach Senioren op 2011 14th"]
[Site "Bad Griesbach (4.12.-10.12)"]
[Date "2011.12.06"]
[Round "3.15"]
[White "Post, Hermann Dr(35)"]
[Black "Mahrla, Hans Dr"]
[Result "0-1"]
[WhiteElo "1532"]
[BlackElo "1621"]
[PlyCount "72"]
[EventDate "2011.12.??"]
[EventType "swiss"]
[EventRounds "7"]
[EventCountry "GER"]
[WhiteTeam "Rottal SC"]
[BlackTeam "Eichenau SC"]

1. d4 Nf6 2. c4 e6 3. Bg5 Be7 4. Nc3 d5 5. e3 a6 6. Nf3 dxc4 7. Bxc4 b5 8. Bd3
Bb7 9. O-O Nbd7 10. Rc1 Rc8 11. a3 c5 12. Bxf6 Nxf6 13. dxc5 Bxc5 14. b4 Bd6
15. Be2 Qe7 16. Nxb5 axb5 17. Bxb5+ Nd7 18. Qa4 Ra8 19. Qb3 O-O 20. Bc6 Rfb8
21. Bxb7 Rxb7 22. Ra1 Rba7 23. Qb2 f6 24. Nd4 Ra6 25. f4 Nb6 26. Nc6 Qe8 27.
Rfc1 Na4 28. Qc2 Nb6 29. Na5 Nd5 30. Qd2 Bc7 31. e4 Bb6+ 32. Rc5 Bxc5+ 33. bxc5
Rxa5 34. exd5 Rxc5 35. d6 Rd5 36. Qb4 Qd7 0-1

[Event "Bad Griesbach Senioren op 2011 14th"]
[Site "Bad Griesbach (4.12.-10.12)"]
[Date "2011.12.06"]
[Round "3.16"]
[White "Mlinar, Denis"]
[Black "Roesch, Alfred"]
[Result "0-1"]
[WhiteElo "1153"]
[BlackElo "1594"]
[PlyCount "78"]
[EventDate "2011.12.??"]
[EventType "swiss"]
[EventRounds "7"]
[EventCountry "GER"]
[WhiteTeam "AUT/ Salzburg-Süd SC"]
[BlackTeam "München Schwabing SG"]
[WhiteTeamCountry "AUT"]

1. e4 e6 2. Nf3 d5 3. exd5 exd5 4. d4 Be7 5. Be2 Nf6 6. h3 c6 7. b3 O-O 8. Ba3
Bxa3 9. Nxa3 Qa5+ 10. Qd2 Qxa3 11. b4 Ne4 12. Qe3 Qxb4+ 13. Kf1 Qc3 14. Qc1 c5
15. Rb1 c4 16. g3 Nc6 17. Qd1 Qa5 18. Ra1 Nc3 19. Qd2 Nxe2 20. Qxa5 Nxg3+ 21.
fxg3 Nxa5 22. Kg2 Re8 23. Kf2 Bd7 24. Ne5 Ba4 25. c3 f6 26. Nf3 Re7 27. Rhe1
Rae8 28. Rxe7 Rxe7 29. Rb1 b5 30. Nh4 g6 31. Nf3 a6 32. g4 Bc2 33. Rc1 Bd3 34.
Re1 Rxe1 35. Nxe1 Bb1 36. a3 Nb3 37. h4 Be4 38. Ke3 Kf7 39. g5 f5 0-1

[Event "Bad Griesbach Senioren op 2011 14th"]
[Site "Bad Griesbach (4.12.-10.12)"]
[Date "2011.12.06"]
[Round "3.17"]
[White "Zeiger, Frank"]
[Black "Lamprecht, Rudolf"]
[Result "0-1"]
[WhiteElo "1475"]
[BlackElo "1818"]
[PlyCount "70"]
[EventDate "2011.12.??"]
[EventType "swiss"]
[EventRounds "7"]
[EventCountry "GER"]
[WhiteTeam "Spremberg FSV"]
[BlackTeam "Höhenkirchen SV"]

1. d4 f5 2. Nf3 Nf6 3. c4 g6 4. Nc3 Bg7 5. g3 O-O 6. Bg2 d6 7. O-O Nbd7 8. Re1
e5 9. dxe5 dxe5 10. e4 fxe4 11. Nxe4 Nxe4 12. Rxe4 Qe8 13. Re2 c6 14. Be3 Nb6
15. Rc1 Bg4 16. Bxb6 axb6 17. Re4 Bf5 18. Re1 e4 19. Qb3 Qe7 20. c5+ Be6 21.
Rxe4 Bxb3 22. Rxe7 Rxa2 23. Rxb7 Bd5 24. Ng5 Bxg2 25. Kxg2 Rxb2 26. Rxb6 Rfxf2+
27. Kh3 Rxh2+ 28. Kg4 h5+ 29. Kf3 Rhf2+ 30. Ke4 Rbe2+ 31. Kd3 Rd2+ 32. Ke3 Bd4+
33. Ke4 Rfe2+ 34. Kf3 Re3+ 35. Kf4 Rf2+ 0-1

[Event "Bad Griesbach Senioren op 2011 14th"]
[Site "Bad Griesbach (4.12.-10.12)"]
[Date "2011.12.06"]
[Round "3.18"]
[White "Jurgan, Brigitte"]
[Black "Laber, Dietrich"]
[Result "1/2-1/2"]
[WhiteElo "1239"]
[BlackElo "1573"]
[PlyCount "44"]
[EventDate "2011.12.??"]
[EventType "swiss"]
[EventRounds "7"]
[EventCountry "GER"]
[WhiteTeam "Bad Reichenhall SF"]
[BlackTeam "Steinsfurt Botvinnik SF"]

1. d4 Nf6 2. Nf3 e6 3. c3 c5 4. Bg5 b6 5. Bxf6 Qxf6 6. e3 Bb7 7. Be2 Nc6 8. O-O
Qd8 9. d5 exd5 10. Qxd5 Na5 11. Qe5+ Qe7 12. Qxe7+ Bxe7 13. Rd1 d6 14. Bb5+ Nc6
15. Bxc6+ Bxc6 16. Ne1 O-O 17. c4 Rad8 18. Nc3 Rfe8 19. Nd5 Bf8 20. b3 Bd7 21.
Rac1 Bf5 22. g3 Be4 1/2-1/2

[Event "Bad Griesbach Senioren op 2011 14th"]
[Site "Bad Griesbach (4.12.-10.12)"]
[Date "2011.12.07"]
[Round "4.1"]
[White "Johnsen, Gunnar"]
[Black "Pribyl, Josef"]
[Result "1/2-1/2"]
[WhiteElo "2137"]
[BlackElo "2249"]
[PlyCount "26"]
[EventDate "2011.12.??"]
[EventType "swiss"]
[EventRounds "7"]
[EventCountry "GER"]
[WhiteTeam "NOR/Tromsoe Sjakklubb"]
[BlackTeam "Ludwigshafen Schachhaus"]
[WhiteTeamCountry "NOR"]

1. d4 Nf6 2. c4 g6 3. Nc3 d5 4. cxd5 Nxd5 5. e4 Nxc3 6. bxc3 Bg7 7. Bc4 c5 8.
Ne2 Nc6 9. Be3 O-O 10. O-O Bd7 11. Rb1 cxd4 12. cxd4 Rc8 13. Bb5 Na5 1/2-1/2

[Event "Bad Griesbach Senioren op 2011 14th"]
[Site "Bad Griesbach (4.12.-10.12)"]
[Date "2011.12.07"]
[Round "4.2"]
[White "Macura, Emil"]
[Black "Weinwurm, Wolfgang"]
[Result "1/2-1/2"]
[WhiteElo "2229"]
[BlackElo "2132"]
[PlyCount "96"]
[EventDate "2011.12.??"]
[EventType "swiss"]
[EventRounds "7"]
[EventCountry "GER"]
[WhiteTeam "CZE/Zlinterm SK"]
[BlackTeam "Ternitz-Gloggnitz Spg."]
[WhiteTeamCountry "CZE"]

1. d4 Nf6 2. c4 g6 3. Nc3 d5 4. Nf3 Bg7 5. e3 O-O 6. Qb3 e6 7. Be2 b6 8. Ne5
Bb7 9. O-O Nbd7 10. f4 c5 11. cxd5 cxd4 12. exd4 Nxd5 13. Bf3 N7f6 14. Ne2 Qe7
15. Bd2 Rac8 16. Rac1 Rfd8 17. Qa4 a5 18. Qb5 Qe8 19. Qxe8+ Nxe8 20. Rxc8 Rxc8
21. Rc1 Rxc1+ 22. Nxc1 Nd6 23. Ne2 h5 24. Kf2 Nf5 25. g3 Nfe7 26. Nc3 Nf5 27.
Nxd5 Bxd5 28. Bxd5 exd5 29. Bc3 Bf6 30. Ke2 b5 31. Kd3 b4 32. Be1 Bd8 33. h3
Kg7 34. Bf2 f6 35. Nc6 Bc7 36. Kc2 Kf7 37. Kb3 Ne7 38. Nxe7 Kxe7 39. Ka4 Ke6
40. Kb5 Bd8 41. g4 hxg4 42. hxg4 f5 43. g5 Bc7 44. Be3 Kd6 45. a3 bxa3 46. bxa3
Kd7 47. Bd2 Bd6 48. Ka4 Kc6 1/2-1/2

[Event "Bad Griesbach Senioren op 2011 14th"]
[Site "Bad Griesbach (4.12.-10.12)"]
[Date "2011.12.07"]
[Round "4.3"]
[White "Kugelmann, Werner"]
[Black "Huhn, Ulrich"]
[Result "1-0"]
[WhiteElo "2090"]
[BlackElo "1835"]
[PlyCount "83"]
[EventDate "2011.12.??"]
[EventType "swiss"]
[EventRounds "7"]
[EventCountry "GER"]
[WhiteTeam "Wertingen TSV"]
[BlackTeam "Berlin Siemensstadt SF"]

1. e4 d5 2. exd5 Nf6 3. d4 Nxd5 4. Nf3 Bf5 5. a3 e6 6. c4 Nf6 7. Nc3 c6 8. Be2
h6 9. O-O Be7 10. Re1 O-O 11. h3 Na6 12. b4 Nc7 13. Qb3 a6 14. a4 Re8 15. a5
Bf8 16. Bf4 Qe7 17. Na4 Rad8 18. Nc5 Na8 19. Rad1 g5 20. Bh2 Ne4 21. Bf1 Nxc5
22. bxc5 Rd7 23. Ne5 Rc7 24. Ng4 Rd7 25. Be5 Bxg4 26. hxg4 Bg7 27. Bd6 Qd8 28.
Qb4 Bf8 29. Bxf8 Rxf8 30. Qc3 Nc7 31. Be2 Qf6 32. Qb2 Ne8 33. Bf3 Qd8 34. Qa1
Nf6 35. Re3 Re8 36. Be2 Kg7 37. Bf3 Kg8 38. Rb3 Kg7 39. Rb6 Ree7 40. d5 exd5
41. cxd5 cxd5 42. Qxf6+ 1-0

[Event "Bad Griesbach Senioren op 2011 14th"]
[Site "Bad Griesbach (4.12.-10.12)"]
[Date "2011.12.07"]
[Round "4.4"]
[White "Leuschner, Guenter"]
[Black "Klimpel, Siegfried"]
[Result "1/2-1/2"]
[WhiteElo "1816"]
[BlackElo "1677"]
[PlyCount "119"]
[EventDate "2011.12.??"]
[EventType "swiss"]
[EventRounds "7"]
[EventCountry "GER"]
[WhiteTeam "Nürnberg 1911 SK"]
[BlackTeam "Kareth-Lappersdorf TSV"]

1. d4 d5 2. Nf3 Nf6 3. c4 dxc4 4. Qa4+ c6 5. Qxc4 Be6 6. Qc2 Na6 7. a3 g6 8. e4
Bg7 9. e5 Bf5 10. Qa4 Nd7 11. Bxa6 Nb6 12. Qa5 bxa6 13. Qxa6 O-O 14. O-O c5 15.
Rd1 cxd4 16. Rxd4 Qc7 17. Bf4 Qc2 18. Rd2 Qe4 19. Bg3 Bg4 20. Nc3 Qc6 21. Nd4
Qc4 22. Qb5 Rfd8 23. Nb3 Qxb5 24. Nxb5 Nc4 25. Rxd8+ Rxd8 26. Nxa7 Rb8 27. Nd4
Rxb2 28. h3 Bd7 29. Nac6 e6 30. a4 Bxc6 31. Nxc6 Rb6 32. Nd8 Nxe5 33. Re1 Nd3
34. Re3 Rb1+ 35. Kh2 Rd1 36. Bc7 Bd4 37. Re2 Nxf2 38. a5 Nd3 39. Nc6 Bg1+ 40.
Kg3 Nc5 41. Ne5 h5 42. Nf3 Rd3 43. h4 f5 44. Bb6 Ne4+ 45. Kf4 Bxb6 46. axb6 Rb3
47. Nd4 Rxb6 48. Ke5 Kf7 49. Ra2 g5 50. Ra7+ Kg6 51. Re7 gxh4 52. Rxe6+ Rxe6+
53. Nxe6 Ng3 54. Kf4 Kf7 55. Nd4 Kf6 56. Nf3 Ne2+ 57. Ke3 Ng3 58. Kf4 Ne2+ 59.
Ke3 Ng3 60. Kf4 1/2-1/2

[Event "Bad Griesbach Senioren op 2011 14th"]
[Site "Bad Griesbach (4.12.-10.12)"]
[Date "2011.12.07"]
[Round "4.5"]
[White "Koenigl, Anton"]
[Black "Aigner, Georg"]
[Result "0-1"]
[WhiteElo "1655"]
[BlackElo "1858"]
[PlyCount "140"]
[EventDate "2011.12.??"]
[EventType "swiss"]
[EventRounds "7"]
[EventCountry "GER"]
[WhiteTeam "Ergolding FC"]
[BlackTeam "Dietfurt TSV"]

1. e4 c5 2. b4 cxb4 3. a3 e5 4. Nf3 Nc6 5. Bb2 d6 6. axb4 Nxb4 7. c3 Nc6 8. h3
Nf6 9. d3 Be7 10. Nbd2 O-O 11. Be2 Nh5 12. O-O Nf4 13. Kh2 Qd7 14. Ng1 Qe6 15.
d4 Qg6 16. Bf3 exd4 17. cxd4 Nb4 18. Nc4 Bd7 19. Qd2 Nbd3 20. Rfb1 Bg5 21. Ne3
d5 22. Nxd5 Bc6 23. Ba3 Rfe8 24. Rb3 Bxd5 25. exd5 a5 26. Rd1 Nb4 27. Bxb4 Nxd5
28. Qb2 Nxb4 29. Bxb7 Ra7 30. Bf3 Bf6 31. Qa1 Nc2 32. Qa4 Rd8 33. d5 Be7 34.
Rb5 Bb4 35. Ne2 Ne1 36. Bg4 Nd3 37. Rxd3 Qxd3 38. Rxb4 axb4 39. Qxa7 Qxd5 40.
Bf3 Qe5+ 41. g3 b3 42. Qa4 b2 43. Qc2 Rb8 44. Qb1 f5 45. Nf4 Qc3 46. Bd5+ Kh8
47. Be6 g6 48. h4 Ra8 49. Nd3 Rb8 50. h5 Kg7 51. Kg1 Qxd3 52. Qxd3 b1=Q+ 53.
Qxb1 Rxb1+ 54. Kg2 Rb6 55. Bc4 g5 56. Bd3 Rf6 57. f3 Kh6 58. g4 f4 59. Kf2 Kg7
60. Ke2 h6 61. Be4 Rb6 62. Kd3 Kf6 63. Kd4 Ke6 64. Kc5 Rd6 65. Kc4 Ke5 66. Kc3
Rd8 67. Bf5 Ra8 68. Kb4 Kd4 69. Kb5 Ra3 70. Be4 Re3 0-1

[Event "Bad Griesbach Senioren op 2011 14th"]
[Site "Bad Griesbach (4.12.-10.12)"]
[Date "2011.12.07"]
[Round "4.6"]
[White "Wawrinsky, Ludwig"]
[Black "Kiefer, Herbert"]
[Result "1-0"]
[WhiteElo "1749"]
[BlackElo "1727"]
[PlyCount "84"]
[EventDate "2011.12.??"]
[EventType "swiss"]
[EventRounds "7"]
[EventCountry "GER"]
[WhiteTeam "Neuperlach SK"]
[BlackTeam "Ansbach SC"]

1. e4 c5 2. d3 d6 3. g3 g6 4. f4 Bg7 5. Bg2 Nf6 6. Nf3 Nc6 7. c3 Qb6 8. Na3 Be6
9. Qe2 O-O 10. O-O Bg4 11. h3 Bxf3 12. Qxf3 c4+ 13. d4 Na5 14. Qe2 Rac8 15. Kh2
e6 16. Be3 Qd8 17. Rad1 d5 18. e5 Ne8 19. Bc1 Nc7 20. Nc2 Nc6 21. Ne3 b5 22. g4
Ne7 23. f5 exf5 24. gxf5 Bh6 25. f6 Nc6 26. Nxd5 Nxd5 27. Bxh6 Re8 28. Qf3 Nb6
29. Qg3 Qd7 30. Qh4 Nd8 31. Bc1 Kh8 32. Qh6 Rg8 33. Rf4 Ne6 34. Rh4 Nf8 35. Qg5
Qf5 36. Qg3 Qc2 37. Rf1 h5 38. Kh1 Nh7 39. Be4 Qe2 40. Re1 Qxe1+ 41. Qxe1 Rgd8
42. Qe2 Kg8 1-0

[Event "Bad Griesbach Senioren op 2011 14th"]
[Site "Bad Griesbach (4.12.-10.12)"]
[Date "2011.12.07"]
[Round "4.7"]
[White "Sierian, Peter"]
[Black "Bock, Ortwin"]
[Result "1/2-1/2"]
[WhiteElo "1746"]
[BlackElo "1846"]
[PlyCount "123"]
[EventDate "2011.12.??"]
[EventType "swiss"]
[EventRounds "7"]
[EventCountry "GER"]
[WhiteTeam "Aidenbach TSV"]
[BlackTeam "Landshut SK"]

1. d4 c5 2. d5 Nf6 3. c4 Ne4 4. f3 Qa5+ 5. Bd2 Nxd2 6. Qxd2 Qxd2+ 7. Nxd2 g6 8.
e4 Bg7 9. O-O-O d6 10. Bd3 Na6 11. a3 Bd7 12. Ne2 Nc7 13. Nb1 a6 14. Nbc3 b5
15. b3 b4 16. Nb1 bxa3 17. Nxa3 O-O 18. Kd2 Rfb8 19. Rb1 Rb7 20. Nc3 Rab8 21.
Bc2 h5 22. h4 Bh6+ 23. Kd3 Bf4 24. Ne2 Be5 25. Nc3 e6 26. Rbf1 exd5 27. exd5 f5
28. f4 Bd4 29. Nab1 Re8 30. Nd1 Rbb8 31. Re1 Kf7 32. Nd2 Rxe1 33. Rxe1 Re8 34.
Rxe8 Nxe8 35. Nf3 Bf6 36. g3 Bd8 37. Nc3 Nf6 38. Nh2 Ba5 39. Bd1 Bxc3 40. Kxc3
Ne4+ 41. Kd3 Nxg3 42. Bf3 Ne4 43. Bxe4 fxe4+ 44. Ke3 Bh3 45. Kxe4 Bf5+ 46. Ke3
Bc2 47. Nf1 Bxb3 48. Kd3 Bd1 49. Ne3 Bg4 50. Kc3 Ke7 51. Kb3 Bd7 52. Ka3 a5 53.
Kb3 Kd8 54. Ka3 Kc7 55. Kb3 Kb6 56. Nc2 a4+ 57. Kc3 Ka5 58. Na3 Be8 59. Nc2 a3
60. Nxa3 Ka4 61. Nc2 Bd7 62. Ne1 1/2-1/2

[Event "Bad Griesbach Senioren op 2011 14th"]
[Site "Bad Griesbach (4.12.-10.12)"]
[Date "2011.12.07"]
[Round "4.8"]
[White "Boldt, Heinrich"]
[Black "Kammel, Rudolf"]
[Result "1-0"]
[WhiteElo "1751"]
[BlackElo "1626"]
[PlyCount "59"]
[EventDate "2011.12.??"]
[EventType "swiss"]
[EventRounds "7"]
[EventCountry "GER"]
[WhiteTeam "Kareth-Lappersdorf TSV"]
[BlackTeam "Regensburg Bavaria SC"]

1. d4 Nf6 2. Nf3 e6 3. Bf4 d5 4. Nbd2 c5 5. e3 Bd6 6. Ne5 O-O 7. c3 Qc7 8. Bd3
Nbd7 9. Ndf3 h6 10. h3 b6 11. g4 Ne4 12. g5 hxg5 13. Nxg5 Bxe5 14. Bxe5 Nxe5
15. Bxe4 dxe4 16. dxe5 Qxe5 17. h4 f6 18. Nh3 Ba6 19. Qa4 Bd3 20. O-O-O b5 21.
Qa5 Qh5 22. Nf4 Qf5 23. Rd2 c4 24. Re1 Rf7 25. h5 e5 26. Qxb5 a6 27. Qd5 Raa7
28. Ng6 Rad7 29. Qa8+ Kh7 30. Qh8# 1-0

[Event "Bad Griesbach Senioren op 2011 14th"]
[Site "Bad Griesbach (4.12.-10.12)"]
[Date "2011.12.07"]
[Round "4.9"]
[White "Mahrla, Hans Dr"]
[Black "Klein, Reinhard"]
[Result "0-1"]
[WhiteElo "1621"]
[BlackElo "1759"]
[PlyCount "70"]
[EventDate "2011.12.??"]
[EventType "swiss"]
[EventRounds "7"]
[EventCountry "GER"]
[WhiteTeam "Eichenau SC"]
[BlackTeam "München RTA SC"]

1. e4 c5 2. f4 Nc6 3. Nf3 d5 4. e5 Nh6 5. c3 Bf5 6. d4 e6 7. Bd3 cxd4 8. cxd4
Bb4+ 9. Nc3 Qa5 10. Bd2 Bxd3 11. a3 Be7 12. b4 Qc7 13. b5 Na5 14. Qa4 b6 15.
Rc1 Bc4 16. Na2 Qd7 17. Bxa5 Bxb5 18. Qc2 bxa5 19. Qc7 Bc4 20. Qxd7+ Kxd7 21.
Nc3 Bxa3 22. Rb1 Bb4 23. Kd2 Rhc8 24. Rhc1 Ng4 25. h3 Nf2 26. Ke3 Nd3 27. Rc2
Ba6 28. Rd1 Nb2 29. Rxb2 Rxc3+ 30. Kf2 Rac8 31. Ne1 Bc4 32. Nc2 Bb3 33. Nxb4
Bxd1 34. Na6 Rc2+ 35. Rxc2 Rxc2+ 0-1

[Event "Bad Griesbach Senioren op 2011 14th"]
[Site "Bad Griesbach (4.12.-10.12)"]
[Date "2011.12.07"]
[Round "4.10"]
[White "Slacik, Johann"]
[Black "Schuster, Herbert"]
[Result "0-1"]
[WhiteElo "1576"]
[BlackElo "1744"]
[PlyCount "116"]
[EventDate "2011.12.??"]
[EventType "swiss"]
[EventRounds "7"]
[EventCountry "GER"]
[WhiteTeam "AUT/Westbahn Linz ESV"]
[BlackTeam "Landshut SK"]
[WhiteTeamCountry "AUT"]

1. d4 Nf6 2. c4 e6 3. Nf3 Be7 4. Qc2 h6 5. g3 b6 6. Bg2 Bb7 7. Nbd2 d6 8. O-O
Nbd7 9. e4 e5 10. b3 c5 11. d5 Nh7 12. Ne1 Bf6 13. Rb1 a5 14. a4 O-O 15. Nd3
Re8 16. Qd1 Ndf8 17. Bb2 Bc8 18. Qe2 Ng6 19. Rbe1 Bd7 20. f4 exf4 21. Bxf6 Qxf6
22. Nxf4 Qd4+ 23. Kh1 Nxf4 24. Rxf4 Ng5 25. Nf3 Nxf3 26. Qxf3 f6 27. e5 Rxe5
28. Rxd4 Rxe1+ 29. Bf1 cxd4 30. Kg2 Rae8 31. Kf2 R8e5 32. Qd3 R5e4 33. Bg2 R4e3
34. Qxd4 R1e2+ 35. Kf1 Bf5 36. g4 Re1+ 37. Kf2 R3e2+ 38. Kg3 Re3+ 39. Kf2 R1e2+
40. Kg1 Bg6 41. Qxb6 Rc3 42. Bf1 Rb2 43. Qd4 Rcxb3 44. Bg2 Rc2 45. h4 Rb1+ 46.
Kh2 Rbb2 47. h5 Rxg2+ 48. Kh3 Rh2+ 49. Kg3 Rbg2+ 50. Kf3 Bc2 51. c5 dxc5 52.
Qxc5 Rd2 53. Qc8+ Kh7 54. Qe6 Rhf2+ 55. Kg3 Rfe2 56. Qc6 Rd4 57. d6 Red2 58. g5
hxg5 0-1

[Event "Bad Griesbach Senioren op 2011 14th"]
[Site "Bad Griesbach (4.12.-10.12)"]
[Date "2011.12.07"]
[Round "4.11"]
[White "Dallmeier, Gerhard"]
[Black "Ruf, Karl"]
[Result "0-1"]
[WhiteElo "1582"]
[BlackElo "1567"]
[PlyCount "134"]
[EventDate "2011.12.??"]
[EventType "swiss"]
[EventRounds "7"]
[EventCountry "GER"]
[WhiteTeam "Weißenfels Roland SK"]
[BlackTeam "Neuperlach SK"]

1. e4 c5 2. Nf3 Nc6 3. d4 cxd4 4. Nxd4 a6 5. Be3 e6 6. Nc3 g6 7. Nxc6 bxc6 8.
Bd4 Nf6 9. Bd3 Bg7 10. O-O O-O 11. f4 d5 12. e5 Nd7 13. Ne2 c5 14. Be3 c4 15.
Bxc4 dxc4 16. Nd4 Qc7 17. Nf3 Rd8 18. Qe1 Bb7 19. c3 Nc5 20. Nd2 Nd3 21. Qe2
Rd7 22. Nf3 Bxf3 23. Rxf3 Rb8 24. Rb1 Qd8 25. Rh3 f5 26. g4 Rdb7 27. gxf5 exf5
28. Bc1 Nxc1 29. Qxc4+ Kh8 30. Rxc1 Rxb2 31. Qd4 Qxd4+ 32. cxd4 Rb1 33. Rhc3
Bf8 34. d5 Rxc1+ 35. Rxc1 Rb4 36. d6 Rxf4 37. Rc8 Kg7 38. d7 Be7 39. d8=Q Bxd8
40. Rxd8 Re4 41. Rd7+ Kf8 42. Rxh7 Rxe5 43. Rh4 Ra5 44. a4 Kf7 45. Kf2 Kf6 46.
Rc4 Ke6 47. h4 Kf6 48. Rc6+ Kg7 49. Rc4 Kh6 50. Kg3 Rd5 51. Kf4 a5 52. Kg3 Rd3+
53. Kf4 Ra3 54. Rd4 Kh5 55. Ke5 Rh3 56. Rd5 Rxh4 57. Rxa5 Kg5 58. Ra8 Re4+ 59.
Kd5 Kf4 60. a5 g5 61. a6 g4 62. a7 Ra4 63. Kc6 g3 64. Kb7 Kf3 65. Rf8 f4 66.
a8=Q Rxa8 67. Rxa8 g2 0-1

[Event "Bad Griesbach Senioren op 2011 14th"]
[Site "Bad Griesbach (4.12.-10.12)"]
[Date "2011.12.07"]
[Round "4.12"]
[White "Eglseder, Gottfried"]
[Black "Roesch, Alfred"]
[Result "0-1"]
[WhiteElo "1617"]
[BlackElo "1594"]
[PlyCount "48"]
[EventDate "2011.12.??"]
[EventType "swiss"]
[EventRounds "7"]
[EventCountry "GER"]
[WhiteTeam "Germering SK"]
[BlackTeam "München Schwabing SG"]

1. d4 e6 2. Nf3 d5 3. c4 c6 4. Nc3 Nf6 5. e3 Be7 6. Bd3 Nbd7 7. O-O O-O 8. Qe2
b6 9. Rd1 Bb7 10. e4 dxe4 11. Nxe4 Nxe4 12. Bxe4 Nf6 13. Bc2 Ne8 14. Bf4 g6 15.
Ne5 Ng7 16. Be4 Rc8 17. Qf3 Qe8 18. Bh6 f6 19. Nxc6 Bxc6 20. d5 f5 21. dxc6
fxe4 22. Qxe4 Qxc6 23. Qxc6 Rxc6 24. b3 Bf6 0-1

[Event "Bad Griesbach Senioren op 2011 14th"]
[Site "Bad Griesbach (4.12.-10.12)"]
[Date "2011.12.07"]
[Round "4.13"]
[White "Lamprecht, Rudolf"]
[Black "Strakos, Tomas"]
[Result "1/2-1/2"]
[WhiteElo "1818"]
[BlackElo "1763"]
[PlyCount "54"]
[EventDate "2011.12.??"]
[EventType "swiss"]
[EventRounds "7"]
[EventCountry "GER"]
[WhiteTeam "Höhenkirchen SV"]
[BlackTeam "CZE/Praga Praha"]
[BlackTeamCountry "CZE"]

1. e4 c5 2. Nf3 d6 3. d4 cxd4 4. Nxd4 Nf6 5. Nc3 a6 6. Bd3 e5 7. Nb3 Be6 8. O-O
Be7 9. f4 Nc6 10. f5 Bxb3 11. cxb3 d5 12. exd5 Nxd5 13. Kh1 Ndb4 14. Be4 Qxd1
15. Rxd1 a5 16. Be3 Rd8 17. Rxd8+ Nxd8 18. Rd1 h5 19. a3 Na6 20. Bb6 Rh6 21.
Bxd8 Bxd8 22. Bxb7 Nc5 23. Bd5 Rb6 24. Bxf7+ Kxf7 25. Rxd8 Rxb3 26. Rd2 Kf6 27.
Kg1 Kxf5 1/2-1/2